000 00613nam a2200181 a 4500
001 000010143
005 20200929161850.0
008 091005s1996 dr acg 001 0 spa d
040 _aDO-SdBNP
082 _axxxx
_bL788c
100 1 _aLivios Grullón, Francis
_925136
245 1 4 _aLos colores de la vida /
_cFrancis Livios Grullón ; prólogo Ángel Concepción Lajara.
260 _aSanto Domingo :
_aAlfa & Omega,
_c1996.
300 _a234 p. :
_bil., mús., retrs.
500 _aIncluye datos biográficos del autor en la contracubierta
700 1 _aCocepción Lajara, Ángel
_epról.
_925137
049 _aBNPD
999 _c9902
_d9902